00875cam a2200241 a 450000100060000000300080000600500170001400800410003103500190007203500180009104000310010904100080014008200200014810000220016824501280019026001430031830000310046150400410049265100280053365100250056165100230058665100240060927246BD-RjUL20211209051130.0140324s1959 enkb b 000 0 eng d a(BD-RjUL)27318 a(OCoLC)396739 aODaWUcODaWUdBD-RjULbeng aeng00a958.4bHOT 19591 aHoldsworth, Mary.10aTurkestan in the nineteenth century :ba brief history of the khanates of Bukhara, Kokand, and Khiva /cby Mary Holdsworth. aLondon :bIssued by the Central Asian Research Centre in association with St. Antony's College (Oxford) Soviet Affairs Study Group,c1959. aii, 81 p. :bmap ;c26 cm. aIncludes bibliographical references. 0aAsia, CentralxHistory. 0aKokandskoe khanstvo. 0aKhiva (Uzbekistan) 0aKhanate of Bukhara.